000 00933 a2200241 4500
003 UA-OsUOA
005 20231127122208.0
008 231127b un ||||| |||| 00| 0 ukr d
040 _aUA-OsUOA
_bukr
_cUA-OsUOA
_dUA-OsUOA
041 _aukr
080 _a821.161.2
090 _a821.161.2
_bЛ60
100 _aЛіончук М.
245 _aСпогади
_cМикола Ліончук ; упоряд. Віра Кухарук
250 _aісторико-публіцистичне видання
260 _aХарків
_bОзеров Г. В.
_c2018
300 _a208 с.
650 _2UDC
_a821 Художня література окремими мовами і мовними сім'ями
700 1 _aКухарук В.
_eупоряд.
942 _cBK
_2udc
955 _a3
999 _c575441
_d575441